Normal view MARC view
  • Liang Liu, Dr Tian Tian

Entry Personal Name

Number of records used in: 1

001 - CONTROL NUMBER

  • control field: 65938

003 - CONTROL NUMBER IDENTIFIER

  • control field: NUST

005 - DATE AND TIME OF LATEST TRANSACTION

  • control field: 20210628203519.0

008 - FIXED-LENGTH DATA ELEMENTS

  • fixed length control field: 210628|| aca||aabn | a|a d

040 ## - CATALOGING SOURCE

  • Original cataloging agency: NUST
  • Transcribing agency: NUST

100 ## - HEADING--PERSONAL NAME

  • Personal name: Liang Liu, Dr Tian Tian

670 ## - SOURCE DATA FOUND

  • Source citation: Work cat.: (NUST): Liang Liu, Dr Tian Tian, Modeling the performance of the piston ring pack with consideration of non axisymmetric characteristics of the power cylinder system in internal combustion engines, 2005
© 2023 Central Library, National University of Sciences and Technology. All Rights Reserved.